KOHA-Header-6

Visual Studio.net (Record no. 8181)

000 -LEADER
fixed length control field 00253nam a2200109Ia 4500
100 ## - MAIN ENTRY--AUTHOR NAME
Personal name Julian Templeman
245 #0 - TITLE STATEMENT
Title Visual Studio.net
260 ## - PUBLICATION, DISTRIBUTION, ETC. (IMPRINT)
Place of publication USA
Name of publisher McGraw Hill
Year of publication 1994
300 ## - PHYSICAL DESCRIPTION
Number of Pages 159
942 ## - ADDED ENTRY ELEMENTS (KOHA)
Koha item type Books
Holdings
Withdrawn status Lost status Collection code Permanent Location Current Location Shelving location Date acquired Full call number Accession Number Koha item type
    Computer Science MAJU MAJU Shelf No.A16 2019-09-13 954.035 2722 Computer Science

Powered by Koha